=LDR 00000nam 2200000 4500 =001 INLIS000000000030370 =005 20130612132524 =008 ***********************************Indonesia** =035 ##$$0010-061300000030370 =041 ##$$a Indonesia =082 ##$$a 616.891 =090 ##$$a 616.891, Hen, s =100 ##$$a Hendrawan,Tubagus Arif =245 ##$$a The Secret of Inner Power =260 ##$$a 2007 $b Jakarta =300 ##$$a x,272 hlm., ilus., 23 cm =650 ##$$a Psikoterpi =850 ##$$a NBPNMAT